000 00996cam a22002054a 4500
005 20250605164212.0
008 250528s ||||||||||||||||||||||||d
035 _a20322
020 _a761947256
040 _aGR-AtMCL
_bgre
_dGR-AtMCL
_eAACR2
245 1 _aDeveloping Language and Literacy with Young Children / Second Edition
250 _a2nd
260 _bPaul Chapman Publishing,
_c2002
300 _a144
520 _aThis accessible book is about the most exciting and important aspect of human development - language in the early years from birth to eight. Preface, Acknowledgements, Preface for the 0-8 Series, Introduction, Glossary, The Development of Language, Young Bilinguals, Stories and Narrative and Play with Language, Literacy: The Early Years 0-6, Literacy: Developing Readers and Writers 6-8, Talking with parents and Careers about Language Development, Bibliography, Index.
700 1 _aWhitehead Marian
_96328
942 _cBK
999 _c5444
_d5444